| 000 | 00818nam a22002655a 4500 | ||
|---|---|---|---|
| 005 | 20171217135010.0 | ||
| 006 | m||||fq||z 00| 0 | ||
| 008 | 100913t2003 maua frb 001 0 eng d | ||
| 020 | _a007119911X | ||
| 020 | _a0071215662 | ||
| 020 | _a0072402180 (CD) | ||
| 020 | _a9780071215664 | ||
| 040 |
_aEG-ScBUE _beng _cEG-ScBUE _dEG-ScBUE |
||
| 082 | 0 | 4 |
_a620.106 _bWHI _222 |
| 100 | 1 |
_aWhite, Frank M. _918830 |
|
| 245 | 1 | 0 |
_aFluid mechanics / _cFrank M. White. |
| 250 | _a5th ed., International ed. | ||
| 260 |
_aBoston : _bMcGraw-Hill, _cc.2003. |
||
| 300 |
_axiii, 866 p. : _bill. ; _c24 cm. _e+ 1 CD-ROM (4 3/4 in.) |
||
| 504 | _aIncludes bibliographical references and index. | ||
| 650 | 7 |
_aFluid mechanics. _2BUEsh _918831 |
|
| 651 | _2BUEsh | ||
| 653 |
_bENGMEC _cDecember2017 |
||
| 942 | _2ddc | ||
| 999 |
_c790 _d790 |
||